[Event "SC Postbauer-Heng e.V. 1-SG Büchenbach/"]
[Site "?"]
[Date "2012.10.07"]
[Round "6.2"]
[White "Röber, Jürgen"]
[Black "Hacker, Jonas"]
[Result "0-1"]
[WhiteElo "2066"]
[BlackElo "2047"]
[PlyCount "82"]
[EventDate "2012.??.??"]
[SourceDate "2012.10.07"]
[WhiteTeam "SC Postbauer-Heng e.V. 1"]
[BlackTeam "SG Büchenbach/Roth e.V. 1"]

1. e4 c5 2. c3 Nf6 3. e5 Nd5 4. d4 cxd4 5. Nf3 Nc6 6. cxd4 d6 7. Nc3 dxe5 8.
dxe5 Nxc3 9. Qxd8+ Kxd8 10. bxc3 Bg4 11. Ng5 Nxe5 12. h3 Bf5 13. Bf4 h6 14.
O-O-O+ Kc8 15. Bxe5 hxg5 16. Rd4 f6 17. g4 Bd7 18. Rc4+ Bc6 19. Rxc6+ bxc6 20.
Ba6+ Kd7 21. Rd1+ Ke6 22. Bb7 Kxe5 23. Bxa8 e6 24. Bxc6 Rxh3 25. f3 Rh2 26. Rd2
Ba3+ 27. Kc2 Rxd2+ 28. Kxd2 Kf4 29. Ke2 g6 30. Bd7 e5 31. c4 f5 32. Be6 Bc5 33.
Bd7 a5 34. a4 e4 35. Bc6 exf3+ 36. Bxf3 Kg3 37. gxf5 gxf5 38. Bd5 g4 39. Kf1 f4
40. Ke2 f3+ 41. Kd3 Kf4 0-1

[Event "SC Postbauer-Heng e.V. 1-SG Büchenbach/"]
[Site "?"]
[Date "2012.10.07"]
[Round "6.3"]
[White "Vasilache, Catalin"]
[Black "Sippl, Martin"]
[Result "1/2-1/2"]
[WhiteElo "1977"]
[BlackElo "1989"]
[PlyCount "62"]
[EventDate "2012.??.??"]
[SourceDate "2012.10.07"]
[WhiteTeam "SG Büchenbach/Roth e.V. 1"]
[BlackTeam "SC Postbauer-Heng e.V. 1"]

1. d4 Nf6 2. c4 c5 3. e3 g6 4. Nc3 cxd4 5. exd4 Bg7 6. Nf3 O-O 7. Be2 d6 8. O-O
Nc6 9. h3 Bd7 10. Be3 Rc8 11. Rc1 Re8 12. Qd2 b6 13. Rfd1 Qc7 14. b3 Qb7 15.
Bh6 Bh8 16. Bg5 Rcd8 17. d5 Nb8 18. Nd4 Bc8 19. Bf3 Nbd7 20. Nc6 Ne5 21. Nxd8
Nxf3+ 22. gxf3 Rxd8 23. Qf4 Bxh3 24. Bxf6 Bxf6 25. Ne4 Be5 26. Qh4 Bc8 27. Re1
Qd7 28. Ng5 h5 29. f4 Bf6 30. Re3 Qf5 31. Rce1 e5 1/2-1/2

[Event "SC Postbauer-Heng e.V. 1-SG Büchenbach/"]
[Site "?"]
[Date "2012.10.07"]
[Round "6.4"]
[White "Fischer, Erich"]
[Black "Margraf, Matthias"]
[Result "0-1"]
[WhiteElo "1979"]
[BlackElo "1969"]
[PlyCount "68"]
[EventDate "2012.??.??"]
[SourceDate "2012.10.07"]
[WhiteTeam "SC Postbauer-Heng e.V. 1"]
[BlackTeam "SG Büchenbach/Roth e.V. 1"]

1. d4 d5 2. Nf3 Nc6 3. e3 Bg4 4. Be2 Nf6 5. O-O Bxf3 6. Bxf3 e5 7. c4 e4 8. Be2
Bd6 9. b3 O-O 10. Ba3 Bxa3 11. Nxa3 Ne7 12. cxd5 Nfxd5 13. Qd2 Qd6 14. Nb5 Qg6
15. Nc3 Rad8 16. f4 exf3 17. Rxf3 Nxc3 18. Qxc3 Nd5 19. Qd2 Rfe8 20. Bd3 Qe6
21. Re1 Nf6 22. Qc3 Re7 23. e4 Qb6 24. e5 Qxd4+ 25. Qxd4 Rxd4 26. Rd1 Ne4 27.
Re1 Rxe5 28. Bc4 Re7 29. Rfe3 Kf8 30. Bd3 f5 31. g4 g6 32. gxf5 gxf5 33. Rf3
Rg7+ 34. Kh1 Rxd3 0-1

[Event "SC Postbauer-Heng e.V. 1-SG Büchenbach/"]
[Site "?"]
[Date "2012.10.07"]
[Round "6.5"]
[White "Braun, Michael"]
[Black "Grimm, Pascal"]
[Result "1-0"]
[WhiteElo "1896"]
[BlackElo "1898"]
[PlyCount "93"]
[EventDate "2012.??.??"]
[SourceDate "2012.10.07"]
[WhiteTeam "SG Büchenbach/Roth e.V. 1"]
[BlackTeam "SC Postbauer-Heng e.V. 1"]

1. c4 g6 2. Nf3 Bg7 3. g3 c5 4. Bg2 Nc6 5. Nc3 e5 6. d3 d6 7. O-O Nge7 8. a3
O-O 9. Rb1 f5 10. Bg5 h6 11. Bxe7 Nxe7 12. Qd2 Be6 13. b4 cxb4 14. Rxb4 b6 15.
Rc1 d5 16. Ne1 Rc8 17. cxd5 Nxd5 18. Nxd5 Rxc1 19. Qxc1 Bxd5 20. Rb5 Bxg2 21.
Nxg2 Qd7 22. Qc4+ Kh7 23. Rd5 Qb7 24. Qb5 Rc8 25. Ne3 Rc1+ 26. Kg2 Rc5 27. Qd7
Rc7 28. Qe6 f4 29. Nc4 Rc5 30. e4 fxe3 31. Nxe3 Rc3 32. Kh3 Rc6 33. Qe8 Qc8+
34. Qxc8 Rxc8 35. Rd7 Ra8 36. Nd5 Kh8 37. a4 Kh7 38. Nc7 Rc8 39. Ne6 Rg8 40.
Rxa7 h5 41. Kh4 Kh6 42. Nxg7 Rxg7 43. Rxg7 Kxg7 44. Kg5 Kf7 45. f4 exf4 46.
gxf4 Kg7 47. d4 1-0

[Event "SC Postbauer-Heng e.V. 1-SG Büchenbach/"]
[Site "?"]
[Date "2012.10.07"]
[Round "6.6"]
[White "Kendzia, Nikolai"]
[Black "Kuhlemann, Alexander"]
[Result "0-1"]
[WhiteElo "1905"]
[BlackElo "1906"]
[PlyCount "80"]
[EventDate "2012.??.??"]
[SourceDate "2012.10.07"]
[WhiteTeam "SC Postbauer-Heng e.V. 1"]
[BlackTeam "SG Büchenbach/Roth e.V. 1"]

1. e4 d6 2. d4 Nf6 3. Nc3 g6 4. f3 Bg7 5. Be3 O-O 6. Qd2 c6 7. O-O-O b5 8. Bh6
b4 9. Nce2 Qa5 10. Kb1 Be6 11. Nc1 Qb6 12. h4 Rc8 13. g4 Bh8 14. h5 Nbd7 15.
hxg6 fxg6 16. Be3 c5 17. Bh3 Nf8 18. d5 Bd7 19. g5 Nh5 20. Bxd7 Nxd7 21. Rxh5
gxh5 22. f4 Qd8 23. Nf3 Qf8 24. Qh2 Qg7 25. Nd3 c4 26. Bd4 cxd3 27. Bxg7 dxc2+
28. Kc1 cxd1=Q+ 29. Kxd1 Bxg7 30. Qxh5 Rc4 31. g6 h6 32. Qf5 Nc5 33. Qf7+ Kh8
34. e5 Rf8 35. Qxe7 Rfxf4 36. Nd2 Rcd4 37. exd6 Rxd5 38. Kc2 Rf2 39. Qe8+ Bf8
40. g7+ Kxg7 0-1

[Event "SC Postbauer-Heng e.V. 1-SG Büchenbach/"]
[Site "?"]
[Date "2012.10.07"]
[Round "6.7"]
[White "Adler, Herbert"]
[Black "Firla, Erwin"]
[Result "1-0"]
[WhiteElo "1902"]
[BlackElo "1868"]
[PlyCount "71"]
[EventDate "2012.??.??"]
[SourceDate "2012.10.07"]
[WhiteTeam "SG Büchenbach/Roth e.V. 1"]
[BlackTeam "SC Postbauer-Heng e.V. 1"]

1. d4 d5 2. g3 Nf6 3. Bg2 e6 4. c4 c6 5. Nf3 Bb4+ 6. Bd2 Bxd2+ 7. Qxd2 O-O 8.
O-O Nbd7 9. cxd5 exd5 10. Nc3 Re8 11. Rfe1 h6 12. Qc2 Ne4 13. Rad1 Ng5 14. Ne5
Qf6 15. f4 Nh7 16. e4 dxe4 17. Bxe4 Nhf8 18. Ng4 Qd8 19. Ne5 Nxe5 20. dxe5 Qb6+
21. Kg2 Bg4 22. Rd6 Rad8 23. Nd5 Qa6 24. Ne3 Rxd6 25. exd6 Bd7 26. Rd1 Qxa2 27.
Nf5 Qa5 28. Ne7+ Kh8 29. Qb3 Be6 30. Qxb7 Qh5 31. Bf3 Qh3+ 32. Kg1 Bd7 33. Bxc6
Qe6 34. Qxa7 Bxc6 35. Nxc6 Nd7 36. Ne5 1-0

[Event "SC Postbauer-Heng e.V. 1-SG Büchenbach/"]
[Site "?"]
[Date "2012.10.07"]
[Round "6.8"]
[White "Stürmer, Martin"]
[Black "Kirch, Dietmar"]
[Result "0-1"]
[WhiteElo "1819"]
[BlackElo "1997"]
[PlyCount "78"]
[EventDate "2012.??.??"]
[SourceDate "2012.10.07"]
[WhiteTeam "SC Postbauer-Heng e.V. 1"]
[BlackTeam "SG Büchenbach/Roth e.V. 1"]

1. Nf3 c5 2. c4 b6 3. Nc3 Bb7 4. e3 Nf6 5. Be2 a6 6. O-O e6 7. d4 cxd4 8. Nxd4
Qc7 9. Bd2 Be7 10. Rc1 O-O 11. Bf3 d6 12. Qa4 Nbd7 13. Bxb7 Qxb7 14. Qc6 Qb8
15. Qf3 Ne5 16. Qe2 Rc8 17. b3 Qb7 18. e4 Nfd7 19. f4 Nc6 20. Nxc6 Qxc6 21. Kh1
Bf6 22. Rf3 Nc5 23. Rg3 g6 24. e5 Bg7 25. b4 Nd7 26. c5 d5 27. cxb6 Nxb6 28.
Qd3 Qc4 29. Ne2 Qxd3 30. Rxd3 Nc4 31. g3 Bf8 32. a3 Kg7 33. Rb1 Rab8 34. Nd4
Bc5 35. Ra1 Nb2 36. bxc5 Nxd3 37. c6 Rb6 38. Ba5 Rbxc6 39. Nxc6 Rxc6 0-1

[Event "SC Noris-Tarrasch N 1873 e.V. 3-SK Nürnb"]
[Site "?"]
[Date "2012.10.07"]
[Round "6.1"]
[White "Fuchs, Gerhard"]
[Black "Wulfmeyer, Johannes"]
[Result "0-1"]
[WhiteElo "2073"]
[BlackElo "2117"]
[PlyCount "100"]
[EventDate "2012.??.??"]
[WhiteTeam "SK Nürnberg 1911 e.V. 1"]
[BlackTeam "SC Noris-Tarrasch N 1873 e.V. 3"]

1. e4 d5 2. exd5 Qxd5 3. Nc3 Qd6 4. d4 a6 5. Bc4 Nf6 6. Nf3 e6 7. O-O Nbd7 8.
Re1 b5 9. Bb3 c5 10. d5 c4 11. dxe6 fxe6 12. Qxd6 Bxd6 13. Rxe6+ Be7 14. Bf4
Nf8 15. Re2 Bg4 16. Rae1 Ng6 17. Bd6 Ra7 18. a4 Bxf3 19. gxf3 cxb3 20. axb5
bxc2 21. bxa6 Kf7 22. Nb5 Rxa6 23. Bxe7 c1=Q 24. Rxc1 Nxe7 25. Rc7 Nfd5 26. Rc4
g5 27. h4 h6 28. Kh2 gxh4 29. Nc3 Nxc3 30. bxc3 Rf6 31. Rxh4 Rxf3 32. c4 Nf5
33. Rhe4 Rc8 34. Rc2 Rc5 35. Kg2 Rd3 36. Rb2 Kf6 37. Rb6+ Rd6 38. Rb8 h5 39.
Rf8+ Kg5 40. Rg8+ Rg6 41. Rd8 Nd6 42. Rd4 Nxc4 43. R8d5+ Rxd5 44. Rxd5+ Kf4+
45. Kh3 Ne5 46. Rd8 Ng4 47. Kh4 Nf6 48. Ra8 Kf3 49. Ra2 Rg4+ 50. Kh3 Ne4 0-1

[Event "SC Noris-Tarrasch N 1873 e.V. 3-SK Nürnb"]
[Site "?"]
[Date "2012.10.07"]
[Round "6.2"]
[White "Seeger, Peter"]
[Black "Höwel, Karl-Adolf"]
[Result "1-0"]
[WhiteElo "2029"]
[BlackElo "2019"]
[PlyCount "51"]
[EventDate "2012.??.??"]
[WhiteTeam "SC Noris-Tarrasch N 1873 e.V. 3"]
[BlackTeam "SK Nürnberg 1911 e.V. 1"]

1. d4 d5 2. c4 e6 3. Nf3 Nf6 4. g3 Be7 5. Bg2 O-O 6. O-O Nbd7 7. Qc2 c6 8. Nbd2
b6 9. e4 dxe4 10. Nxe4 Bb7 11. Rd1 Nxe4 12. Qxe4 Nf6 13. Qe2 Qc7 14. Bf4 Bd6
15. Bxd6 Qxd6 16. Ne5 Rac8 17. Rd2 Qb8 18. b4 c5 19. Bxb7 Qxb7 20. dxc5 bxc5
21. b5 Rfd8 22. Rad1 Qc7 23. Nc6 Rxd2 24. Qxd2 Kf8 25. f3 Ke8 26. Qg5 1-0

[Event "SC Noris-Tarrasch N 1873 e.V. 3-SK Nürnb"]
[Site "?"]
[Date "2012.10.07"]
[Round "6.3"]
[White "Pannek, Matthias"]
[Black "Karasek, Christian"]
[Result "1-0"]
[WhiteElo "1957"]
[BlackElo "2030"]
[PlyCount "25"]
[EventDate "2012.??.??"]
[WhiteTeam "SK Nürnberg 1911 e.V. 1"]
[BlackTeam "SC Noris-Tarrasch N 1873 e.V. 3"]

1. Nc3 g6 2. e4 Bg7 3. d4 d6 4. f4 e5 5. dxe5 dxe5 6. Qxd8+ Kxd8 7. Nf3 exf4 8.
Bxf4 c6 9. Bc4 Ke8 10. O-O-O Bg4 11. e5 b5 12. Nxb5 cxb5 13. Bd5 1-0

[Event "SC Noris-Tarrasch N 1873 e.V. 3-SK Nürnb"]
[Site "?"]
[Date "2012.10.07"]
[Round "6.4"]
[White "Reiser, Wolfgang"]
[Black "Roßbach, Knut"]
[Result "1-0"]
[WhiteElo "2014"]
[BlackElo "1925"]
[PlyCount "59"]
[EventDate "2012.??.??"]
[WhiteTeam "SC Noris-Tarrasch N 1873 e.V. 3"]
[BlackTeam "SK Nürnberg 1911 e.V. 1"]

1. c4 e5 2. g3 Nc6 3. Nc3 f5 4. Nf3 Nf6 5. d4 e4 6. Nh4 d5 7. Bg5 Be7 8. Ng2
dxc4 9. e3 Na5 10. Nf4 c6 11. f3 O-O 12. Bxf6 Bxf6 13. fxe4 fxe4 14. Bg2 c5 15.
d5 Bxc3+ 16. bxc3 Qf6 17. Qd2 g5 18. Nh3 Bg4 19. Rf1 Qe5 20. Nf2 Bf3 21. Bxf3
Rxf3 22. O-O-O Rd8 23. Ng4 Qxd5 24. Nf6+ Rxf6 25. Rxf6 Qxd2+ 26. Rxd2 Rd3 27.
Rxd3 cxd3 28. Re6 Kf7 29. Rxe4 c4 30. Re5 1-0

[Event "SC Noris-Tarrasch N 1873 e.V. 3-SK Nürnb"]
[Site "?"]
[Date "2012.10.07"]
[Round "6.5"]
[White "Leising, Thomas"]
[Black "Krauß, Hermann"]
[Result "1/2-1/2"]
[WhiteElo "1948"]
[BlackElo "1987"]
[PlyCount "33"]
[EventDate "2012.??.??"]
[WhiteTeam "SK Nürnberg 1911 e.V. 1"]
[BlackTeam "SC Noris-Tarrasch N 1873 e.V. 3"]

1. d4 Nf6 2. Nf3 c5 3. e3 e6 4. c3 b6 5. Nbd2 Bb7 6. Bd3 d5 7. O-O Nbd7 8. Qe2
Be7 9. e4 dxe4 10. Nxe4 O-O 11. Rd1 Qc7 12. Bg5 Rfe8 13. Nxf6+ Bxf6 14. Bxf6
Nxf6 15. dxc5 Qxc5 16. Ne5 Red8 17. Bc2 1/2-1/2

[Event "SC Noris-Tarrasch N 1873 e.V. 3-SK Nürnb"]
[Site "?"]
[Date "2012.10.07"]
[Round "6.6"]
[White "Lutzky, Manfred"]
[Black "Weinmann, Stefan"]
[Result "1/2-1/2"]
[WhiteElo "1923"]
[BlackElo "1920"]
[PlyCount "72"]
[EventDate "2012.??.??"]
[WhiteTeam "SC Noris-Tarrasch N 1873 e.V. 3"]
[BlackTeam "SK Nürnberg 1911 e.V. 1"]

1. e4 c5 2. c3 d5 3. exd5 Qxd5 4. d4 Nc6 5. Nf3 Bg4 6. Be2 cxd4 7. cxd4 e6 8.
O-O Nf6 9. Nc3 Qa5 10. h3 Bh5 11. Be3 Be7 12. g4 Bg6 13. Ne5 Nxe5 14. dxe5 Qxe5
15. Qa4+ Kf8 16. Bf4 Qc5 17. Bf3 Qb6 18. b3 Bd3 19. Rfd1 Rd8 20. Rd2 Ba6 21.
Rxd8+ Qxd8 22. Rd1 Qc8 23. Rc1 Qd8 24. Rd1 Qc8 25. Qd4 Qc5 26. Qxc5 Bxc5 27.
Rd8+ Ne8 28. Ne4 Bb4 29. Rd7 h6 30. Ng3 Nf6 31. Rd8+ Ne8 32. Rd7 Nf6 33. Rd8+
Ne8 34. Rb8 g5 35. Be5 f6 36. Bxf6 Rh7 1/2-1/2

[Event "SC Noris-Tarrasch N 1873 e.V. 3-SK Nürnb"]
[Site "?"]
[Date "2012.10.07"]
[Round "6.7"]
[White "Augustin, Achim"]
[Black "Pranschke, Gerd"]
[Result "0-1"]
[WhiteElo "1869"]
[BlackElo "1887"]
[PlyCount "74"]
[EventDate "2012.??.??"]
[WhiteTeam "SK Nürnberg 1911 e.V. 1"]
[BlackTeam "SC Noris-Tarrasch N 1873 e.V. 3"]

1. d4 g6 2. Bg5 Bg7 3. e3 Nf6 4. Nd2 d6 5. Bd3 c5 6. c3 Qc7 7. Qc2 Bd7 8. h4
Nc6 9. Bxf6 exf6 10. Ne2 f5 11. O-O-O O-O-O 12. Nf4 Ne7 13. Bc4 Rhf8 14. Kb1
Bc6 15. dxc5 dxc5 16. Qb3 Be5 17. Bxf7 Bxf4 18. exf4 Bxg2 19. Rhe1 Nd5 20. Bxd5
Bxd5 21. Qa4 Kb8 22. Re5 b6 23. Rde1 Bc6 24. Qc2 Rd7 25. R1e2 Rfd8 26. Kc1 Qb7
27. Qb3 Bf3 28. Nxf3 Qxf3 29. Qc4 Qh1+ 30. Re1 Qxh4 31. b4 cxb4 32. Qxb4 Qxf2
33. Re8 Qxa2 34. Rxd8+ Rxd8 35. Re7 Qa1+ 36. Kc2 Qd1+ 37. Kb2 Rd2+ 0-1

[Event "SC Noris-Tarrasch N 1873 e.V. 3-SK Nürnb"]
[Site "?"]
[Date "2012.10.07"]
[Round "6.8"]
[White "Neumann, Robert"]
[Black "Wißmeier, Bernd"]
[Result "1-0"]
[WhiteElo "1855"]
[BlackElo "1899"]
[PlyCount "91"]
[EventDate "2012.??.??"]
[WhiteTeam "SC Noris-Tarrasch N 1873 e.V. 3"]
[BlackTeam "SK Nürnberg 1911 e.V. 1"]

1. c4 Nf6 2. g3 e5 3. Bg2 c6 4. d4 exd4 5. Qxd4 d5 6. Nc3 dxc4 7. Qxc4 Be6 8.
Qa4 Nbd7 9. Nf3 Nb6 10. Qc2 Be7 11. O-O O-O 12. Rd1 Qc8 13. b3 Bf5 14. e4 Bg4
15. Bb2 h6 16. Re1 Bh3 17. Bh1 Rd8 18. Ne2 a5 19. Nf4 a4 20. Nxh3 Qxh3 21. Bg2
Qh5 22. Ne5 Bd6 23. Nf3 Ng4 24. Qc3 f6 25. Rad1 Bc5 26. Rxd8+ Rxd8 27. Rf1 Kh8
28. h3 Nxf2 29. Rxf2 Rd1+ 30. Bf1 Nd7 31. Kg2 Bxf2 32. Kxf2 Rxf1+ 33. Kxf1
Qxh3+ 34. Kf2 Qh1 35. Qe1 Qh5 36. Qd2 Nc5 37. Qd8+ Kh7 38. Qd4 Ne6 39. Qe3 Qh1
40. Qe1 Qh5 41. Qb1 g6 42. Qd3 Qc5+ 43. Kg2 axb3 44. Qd7+ Ng7 45. Bxf6 Qc2+ 46.
Kh3 1-0

[Event "SK Schwanstetten 79 e.V. 1-SF Fürth 1951"]
[Site "?"]
[Date "2012.10.07"]
[Round "6.1"]
[White "Wittmann, Karl"]
[Black "Manthey, Frank"]
[Result "0-1"]
[WhiteElo "2025"]
[BlackElo "2067"]
[PlyCount "44"]
[EventDate "2012.??.??"]
[WhiteTeam "SF Fürth 1951 e.V. 1"]
[BlackTeam "SK Schwanstetten 79 e.V. 1"]

1. e4 c5 2. Nf3 Nc6 3. d4 cxd4 4. Nxd4 g6 5. Nc3 Bg7 6. Be3 Nf6 7. Nxc6 bxc6 8.
e5 Ng8 9. Bd4 f6 10. f4 Qa5 11. Bc4 fxe5 12. fxe5 Bxe5 13. b4 Qc7 14. Qf3 Nf6
15. O-O-O d5 16. Bxe5 Qxe5 17. Nxd5 cxd5 18. Rxd5 Nxd5 19. Bxd5 Rf8 20. Bc6+
Bd7 21. Bxd7+ Kxd7 22. Rd1+ Kc7 0-1

[Event "SK Schwanstetten 79 e.V. 1-SF Fürth 1951"]
[Site "?"]
[Date "2012.10.07"]
[Round "6.2"]
[White "Kroneder, Christian"]
[Black "Kuehn, Daniel"]
[Result "1-0"]
[WhiteElo "2014"]
[BlackElo "2058"]
[PlyCount "91"]
[EventDate "2012.??.??"]
[WhiteTeam "SK Schwanstetten 79 e.V. 1"]
[BlackTeam "SF Fürth 1951 e.V. 1"]

1. e4 e5 2. Nf3 Nc6 3. Bc4 Bc5 4. b4 Bb6 5. O-O d6 6. a4 a6 7. c3 Nf6 8. d4 O-O
9. dxe5 Nxe5 10. Nxe5 dxe5 11. Qxd8 Rxd8 12. Bg5 h6 13. Bxf6 gxf6 14. Na3 Be6
15. Bxe6 fxe6 16. Rfd1 c6 17. Kf1 Kf8 18. Ke2 Ke7 19. Nc4 Bc7 20. a5 Rg8 21. g3
f5 22. f3 h5 23. Rd3 Rad8 24. Rad1 Rxd3 25. Rxd3 Rg7 26. Rd1 Kf6 27. Nb2 h4 28.
Kf2 b6 29. axb6 Bxb6+ 30. Kg2 Be3 31. exf5 hxg3 32. hxg3 Bf4 33. fxe6 Rxg3+ 34.
Kf2 Kxe6 35. Nd3 Rh3 36. Nc5+ Ke7 37. Ke2 Rh2+ 38. Kd3 Ra2 39. Kc4 Ra3 40. Rd7+
Kf6 41. Rd6+ Kf5 42. Rxc6 a5 43. Ne4 Bg5 44. b5 a4 45. b6 Bd8 46. b7 1-0

[Event "SK Schwanstetten 79 e.V. 1-SF Fürth 1951"]
[Site "?"]
[Date "2012.10.07"]
[Round "6.3"]
[White "Basting, Steffen"]
[Black "Cipra, Lothar"]
[Result "1/2-1/2"]
[WhiteElo "2022"]
[BlackElo "1953"]
[PlyCount "56"]
[EventDate "2012.??.??"]
[WhiteTeam "SF Fürth 1951 e.V. 1"]
[BlackTeam "SK Schwanstetten 79 e.V. 1"]

1. e4 c5 2. Nc3 e6 3. Nf3 a6 4. g3 Nc6 5. Bg2 Nf6 6. O-O d6 7. d4 cxd4 8. Nxd4
Bd7 9. Nxc6 Bxc6 10. Re1 Qc7 11. a4 Be7 12. a5 b5 13. axb6 Qxb6 14. Ra3 O-O 15.
Nd5 Bxd5 16. exd5 e5 17. Rb3 Qd8 18. Be3 Rb8 19. Qd3 Rxb3 20. Qxb3 Qa5 21. Rd1
Qb5 22. Qc3 Rb8 23. b3 Qb7 24. Qd3 Qb5 25. Qd2 Ng4 26. Bf1 Qb7 27. h3 Nxe3 28.
Qxe3 Bd8 1/2-1/2

[Event "SK Schwanstetten 79 e.V. 1-SF Fürth 1951"]
[Site "?"]
[Date "2012.10.07"]
[Round "6.4"]
[White "Arlt, Michael"]
[Black "Pasedag, Peter"]
[Result "0-1"]
[WhiteElo "1925"]
[BlackElo "2098"]
[PlyCount "96"]
[EventDate "2012.??.??"]
[WhiteTeam "SK Schwanstetten 79 e.V. 1"]
[BlackTeam "SF Fürth 1951 e.V. 1"]

1. d4 d5 2. Nf3 Nf6 3. c4 c6 4. cxd5 cxd5 5. Nc3 a6 6. Qb3 Nc6 7. Bg5 e6 8. e3
Qa5 9. Bxf6 gxf6 10. Bd3 Qb4 11. Qxb4 Nxb4 12. Bb1 Bd7 13. O-O Rc8 14. Rc1 Bd6
15. a3 Nc6 16. b4 Ke7 17. Bd3 Rc7 18. Rc2 Rhc8 19. Na2 e5 20. dxe5 fxe5 21. e4
d4 22. Nh4 Kd8 23. g3 Ne7 24. Rxc7 Rxc7 25. Rb1 Be6 26. Rb2 Rc8 27. Kg2 b5 28.
Nf3 f6 29. a4 bxa4 30. Bxa6 a3 31. Rd2 Ra8 32. b5 Rb8 33. Ne1 Kc7 34. Nd3 Kb6
35. Rc2 Bb3 36. Rd2 Ka5 37. Nac1 Bc4 38. Rc2 Bxb5 39. Bxb5 Rxb5 40. Na2 Rb3 41.
Nc5 Bxc5 42. Rxc5+ Kb6 43. Rc1 Nc6 44. Ra1 Kb5 45. Nc1 Rc3 46. Ne2 Kb4 47. Nxc3
dxc3 48. Kf1 c2 0-1

[Event "SK Schwanstetten 79 e.V. 1-SF Fürth 1951"]
[Site "?"]
[Date "2012.10.07"]
[Round "6.5"]
[White "Schöller, Wolfgang"]
[Black "Vogt, Peter"]
[Result "1/2-1/2"]
[WhiteElo "1999"]
[BlackElo "1885"]
[PlyCount "95"]
[EventDate "2012.??.??"]
[WhiteTeam "SF Fürth 1951 e.V. 1"]
[BlackTeam "SK Schwanstetten 79 e.V. 1"]

1. e4 c5 2. Nf3 d6 3. d4 cxd4 4. Nxd4 Nf6 5. f3 a6 6. c4 e5 7. Nc2 Be7 8. Nc3
O-O 9. Be3 Be6 10. Qd2 Nbd7 11. Be2 Rc8 12. b3 b5 13. Nd5 bxc4 14. bxc4 Nc5 15.
O-O Re8 16. Rab1 Bf8 17. Rb2 Nfd7 18. Rfb1 h6 19. Nb6 Nxb6 20. Rxb6 Nd7 21.
Rxa6 Bxc4 22. Bxc4 Rxc4 23. Na3 Qc8 24. Ra7 Rc6 25. Rbb7 Rd8 26. Qd5 Nc5 27.
Rxf7 Ne6 28. Rfb7 Kh8 29. h3 Nf4 30. Bxf4 exf4 31. Nb5 Rc5 32. Qf7 Rc1+ 33. Kh2
Qc5 34. h4 Qg1+ 35. Kh3 Qh1+ 36. Kg4 Qxg2+ 37. Kxf4 g5+ 38. Kf5 Qxf3+ 39. Kg6
Qxe4+ 40. Qf5 Qxf5+ 41. Kxf5 gxh4 42. Nd4 Re8 43. Nf3 h3 44. Kg4 Rc3 45. Rf7 d5
46. Kxh3 Kg8 47. Kg4 Ree3 48. Nh4 1/2-1/2

[Event "SK Schwanstetten 79 e.V. 1-SF Fürth 1951"]
[Site "?"]
[Date "2012.10.07"]
[Round "6.6"]
[White "Schulz, Wilfried"]
[Black "Thiele, Heinz"]
[Result "1-0"]
[WhiteElo "1859"]
[BlackElo "1990"]
[PlyCount "73"]
[EventDate "2012.??.??"]
[WhiteTeam "SK Schwanstetten 79 e.V. 1"]
[BlackTeam "SF Fürth 1951 e.V. 1"]

1. e4 g6 2. Nc3 Bg7 3. g3 c5 4. Bg2 Nc6 5. d3 d6 6. f4 e6 7. Nf3 Nge7 8. O-O
O-O 9. Ne2 Rb8 10. g4 f5 11. gxf5 exf5 12. c3 h6 13. Be3 Be6 14. Qd2 b6 15. Ng3
d5 16. e5 Qd7 17. d4 c4 18. Kh1 b5 19. Qf2 b4 20. Bd2 bxc3 21. Bxc3 Nb4 22. Ne1
Rb7 23. Qd2 Rfb8 24. Rg1 Kf7 25. Bf3 Nbc6 26. Qe2 Rg8 27. Qd2 Bf8 28. Rg2 Nc8
29. Nc2 Nb6 30. Rag1 Rg7 31. Nb4 Nxb4 32. Bxb4 Bxb4 33. Qxb4 Na4 34. Qa3 Qe7
35. Qxa4 Rb4 36. Qa5 Qb7 37. Nxf5 1-0

[Event "SK Schwanstetten 79 e.V. 1-SF Fürth 1951"]
[Site "?"]
[Date "2012.10.07"]
[Round "6.7"]
[White "Kirbach, Thomas"]
[Black "Gstaltmeyr, Karl"]
[Result "1-0"]
[WhiteElo "1936"]
[BlackElo "1695"]
[PlyCount "73"]
[EventDate "2012.??.??"]
[WhiteTeam "SF Fürth 1951 e.V. 1"]
[BlackTeam "SK Schwanstetten 79 e.V. 1"]

1. d4 d5 2. c4 e6 3. Nc3 Nf6 4. Nf3 a6 5. Bg5 Be7 6. e3 O-O 7. Bd3 dxc4 8. Bxc4
b5 9. Bd3 Nbd7 10. O-O Bb7 11. Rc1 Rc8 12. Qe2 c5 13. Rfd1 c4 14. Bc2 Nd5 15.
Bxe7 Nxc3 16. bxc3 Qxe7 17. e4 Rce8 18. Re1 f6 19. Rcd1 Nb6 20. Qe3 Qd8 21. Qf4
Rf7 22. Qh4 g5 23. Qh5 Rg7 24. Rb1 Ree7 25. Bd1 Bc6 26. Nd2 f5 27. exf5 exf5
28. Bc2 Qd5 29. f3 Be8 30. Qh3 Bg6 31. Qh6 g4 32. Qf4 gxf3 33. Nxf3 Nd7 34. Nh4
Nf6 35. Re5 Rxe5 36. dxe5 Nh5 37. Qd4 1-0

[Event "SK Schwanstetten 79 e.V. 1-SF Fürth 1951"]
[Site "?"]
[Date "2012.10.07"]
[Round "6.8"]
[White "Scharf, Manfred"]
[Black "Dittmar, Thomas"]
[Result "0-1"]
[WhiteElo "1437"]
[BlackElo "1795"]
[PlyCount "64"]
[EventDate "2012.??.??"]
[WhiteTeam "SK Schwanstetten 79 e.V. 1"]
[BlackTeam "SF Fürth 1951 e.V. 1"]

1. d4 Nf6 2. c4 c5 3. e3 g6 4. Nc3 Bg7 5. Nf3 O-O 6. Bd3 d5 7. O-O Bg4 8. b3
Nc6 9. Be2 Rc8 10. Bb2 cxd4 11. Nxd5 Nxd5 12. cxd5 Qxd5 13. Nxd4 Bxe2 14. Qxe2
Nb4 15. Rad1 Qa5 16. Rd2 e5 17. Nb5 a6 18. Nc3 Rfe8 19. e4 Nc6 20. Rfd1 Nd4 21.
Qd3 Bh6 22. f4 Bxf4 23. Rf2 Bg5 24. Rdf1 f5 25. exf5 Nxf5 26. Kh1 Qd8 27. Qd5+
Qxd5 28. Nxd5 Rcd8 29. Nb6 e4 30. Re2 Rd2 31. Rxd2 Bxd2 32. Nc4 e3 0-1

[Event "SW N?rnberg S?d e.V. 3-SW N?rnberg S?d e"]
[Site "?"]
[Date "2012.10.07"]
[Round "6.1"]
[White "Erlbeck, Peter"]
[Black "Luther, Helmut"]
[Result "1-0"]
[WhiteElo "2043"]
[BlackElo "1953"]
[PlyCount "86"]
[EventDate "2012.??.??"]
[WhiteTeam "SW N?rnberg S?d e.V. 2"]
[BlackTeam "SW N?rnberg S?d e.V. 3"]

1. f4 b6 2. Nf3 Bb7 3. b3 Nf6 4. Bb2 e6 5. e3 Nc6 6. Bd3 d5 7. O-O Be7 8. Nc3
Nb4 9. Be2 c5 10. Ne5 Nc6 11. Qe1 a6 12. d3 Qc7 13. Qg3 g6 14. Nd1 Rg8 15. Nf2
h5 16. Nh3 Nd8 17. Ng5 Nd7 18. Nexf7 Nxf7 19. Nxe6 Qd6 20. f5 h4 21. Nc7+ Kd8
22. Qxd6 Nxd6 23. Nxa8 gxf5 24. Nxb6 Nxb6 25. Be5 Bc8 26. Bf3 Nf7 27. Bc3 Ng5
28. Kf2 Be6 29. Ba5 Kc7 30. c4 Nxf3 31. gxf3 Kc6 32. Rg1 Re8 33. Rg6 Bd8 34.
Rag1 dxc4 35. bxc4 Bc7 36. Rh6 Bxh2 37. Rgg6 Bg3+ 38. Ke2 Nxc4 39. dxc4 Kd6 40.
Be1 Kd7 41. Rxe6 Rxe6 42. Rxe6 Kxe6 43. Bxg3 hxg3 1-0

[Event "SW N?rnberg S?d e.V. 3-SW N?rnberg S?d e"]
[Site "?"]
[Date "2012.10.07"]
[Round "6.2"]
[White "Kuhn, Christian"]
[Black "Bolten, Daniel"]
[Result "0-1"]
[WhiteElo "1842"]
[BlackElo "1977"]
[PlyCount "26"]
[EventDate "2012.??.??"]
[WhiteTeam "SW N?rnberg S?d e.V. 3"]
[BlackTeam "SW N?rnberg S?d e.V. 2"]

1. c4 Nf6 2. g3 e6 3. Bg2 d5 4. Nf3 Be7 5. O-O O-O 6. d4 c6 7. Qc2 Ne4 8. Nbd2
f5 9. b3 Nd7 10. Bb2 Qe8 11. Ne5 Nxe5 12. dxe5 Qh5 13. f3 Bc5+ 0-1

[Event "SW N?rnberg S?d e.V. 3-SW N?rnberg S?d e"]
[Site "?"]
[Date "2012.10.07"]
[Round "6.3"]
[White "Just, Hannes"]
[Black "Th?rauf, Peter"]
[Result "1-0"]
[WhiteElo "2047"]
[BlackElo "1851"]
[PlyCount "53"]
[EventDate "2012.??.??"]
[WhiteTeam "SW N?rnberg S?d e.V. 2"]
[BlackTeam "SW N?rnberg S?d e.V. 3"]

1. Nf3 Nf6 2. g3 g6 3. Bg2 Bg7 4. O-O O-O 5. d4 d5 6. c4 c6 7. Ne5 e6 8. Nc3
Nbd7 9. f4 Ne8 10. Kh1 f6 11. Nxd7 Qxd7 12. b3 Nc7 13. e4 dxe4 14. Ba3 Rd8 15.
Nxe4 Qxd4 16. Qxd4 Rxd4 17. Bb2 Rd8 18. Bxf6 Bxf6 19. Nxf6+ Kg7 20. Ne4 e5 21.
fxe5 Re8 22. Nd6 Re7 23. Rf6 Ne8 24. Raf1 Nxf6 25. exf6+ Kf8 26. fxe7+ Kxe7 27.
c5 1-0